Countries with the largest total road network - Statistics

General Stats
  • This quiz has been taken 354 times
  • The average score is 18 of 20
Answer Stats
Road Length (km) Expressway Length (km) Answer % Correct
6,586,610 76,788 USA
100%
4,356,200 111,950 China
99%
1,028,446 11,100 France
99%
1,396,000 960 Russia
99%
394,428 3,519 United Kingdom
99%
644,480 12,917 Germany
98%
1,751,868 11,000 Brazil
97%
1,042,300 17,000 Canada
96%
4,865,000 1,324 India
96%
374,262 6,279 Mexico
96%
683,175 16,204 Spain
96%
487,700 6,700 Italy
95%
823,217 5,000 Australia
94%
1,210,251 7,803 Japan
91%
423,997 3,025 Poland
84%
437,759 760 Indonesia
83%
426,906 2,127 Turkey
83%
362,099 239 South Africa
79%
262,256 707 Pakistan
76%
572,900 1,855 Sweden
73%
No matching quizzes found
Score Distribution
Percent of People with Each Score
Percentile by Number Answered
Your Score History
You have not taken this quiz